00536nam a22001337a 4500020001800000082001600018245011200034260005200146300001800198650005000216650005800266650004200324650003600366 a9780190121365 aA99 N315\80 aSelected works of Jawaharlal Nehru, vol.80 (1 December 1962 - 31 January 1963)cedited by Madhavan K. Palat aNew DelhibJawaharlal Nehru Memorial Fundc2019 axxviii, 866p. aIndia -- Sources -- Foreign relations -- 1947 aIndia -- Sources -- Politics and government -- 1947-  aIndia -- Sources -- History -- 1947-  aNehru, Jawaharlal, -- 1889-1964